Statistiche per Bandiere di Nazioni con più Blu

Clicka qui per fare il quiz!

Statistiche generali

  • Questo quiz è stato fatto 2.141 volte
  • Il punteggio medio è 13 su 16

Statistiche sulle risposte

Risposta% Corretto
Australia
97%
Kosovo
96%
Nuova Zelanda
95%
Svezia
94%
Kazakistan
93%
Bosnia ed Erzegovina
92%
Somalia
90%
Palau
76%
St. Lucia
76%
Micronesia
75%
Figi
74%
Botswana
70%
Capo Verde
70%
Isole Marshall
67%
Nauru
66%
Tuvalu
61%

Distribuzione punteggi

Percentile per numero di risposta

Percentuale di utenti per punteggio

I tuoi punteggi nel tempo

Non hai fatto questo quiz